Statistiques concernant Les Simpson - S01E09 : Marge perd la boule

Cliquez ici pour prendre le quiz!

Statistiques générales

  • Ce quiz a été pris 4 fois
  • Le résultat moyen est 4 sur 10

Statistiques - réponses

QuestionRéponse% Correct
Quand Homer quitte la centrale avec Marge dans ses bras, il dit à ses collègues qu'il ne sera pas de retour avant :10 minutes
75%
Quel petit déjeuner prépare Bart pour l'anniversaire de Marge ?des crêpes
75%
Lorsque Marge prend des chaussures de bowling, quelle pointure dit-elle faire ?42
50%
Un cadre de qui est affiché dans le salon de Patty et Selma ?Bart
25%
Quelle activité Bart propose-t-il à Homer en fin de soirée pour l'occuper pendant que Marge est absente ?du baseball
25%
De quoi est composée la boisson intitulée Mimosa ?du jus d'orange et du champagne
25%
Quel cadeau Bart offre-t-il à Marge ?du parfum
25%
Qui Marge croise-t-elle au restaurant lors de son brunch avec le professeur de bowling ?Helen Lovejoy
25%
Comment s'appelle le professeur donnant des cours de bowling ?Jacques
25%
Au restaurant chantant, les serveurs chantent à différentes tables. Pour quel événement ne chantent-ils pas ?pour un baptême
25%

Distribution des résultats

Percentile par nombre de réponses

% des personnes avec chaque résultat

Votre développement - résultats

Vous n’avez pas pris ce quiz